00943cam a2200277 4500001000500000005001700005020001500022020001800037040003500055050001700090082000800107100004100115245008200156260004700238300004000285490003400325505000800359520008600367521002000453521002000473650003700493650003500530650002200565650003500587700004300622141120231124150312.0 a0807507083 a9780807507094 aDLCcDLCdDLCdOCoLCdDLCbeng00aPZ7.W244bBi00a8131 aWarner, Gertrude Chandlerd1890-197910aBicycle mystery /cGERTRUDE CHANDLER WARNER; Illustrated by David Cunningham. aNiles :bAlbert Whitman and Company,c1970 a127 pages :billustrations ;c20 cm0 aThe boxcar children vBook 15 aO  aWhile on bicycle trip to their aunt's farm, the four Aldens help solve a mystery. a610 bLexile  aO bRaz-Plus  1aBicycles and bicyclingvFiction. 1aBrothers and sistersvFiction. 1aOrphansvFiction. 1aMystery and detective stories.1 aCunningham, Davidd1938-eillustrator